Biblioteca "Ernesto Sabato"
Facultad de Derecho y Ciencias Sociales
Facultad de Lenguas
Universidad Nacional del Comahue

Argentina, sociedad de masas (Record no. 12240)

MARC details
000 -CABECERA
campo de control de longitud fija 00615cam a22002052a 4500
001 - NÚMERO DE CONTROL
campo de control 006420
003 - IDENTIFICADOR DEL NÚMERO DE CONTROL
campo de control AR-FADEU
008 - DATOS DE LONGITUD FIJA--INFORMACIÓN GENERAL
campo de control de longitud fija 311216n1965####xxu####################dd
092 ## - ASIGNACIÓN LOCAL DE SIGNATURA TOPOGRÁFICA DEWEY (OCLC)
Número de clasificación 303.4
Número de documento/Ítem D615
Característica del encabezamiento BLYNK
100 ## - ENTRADA PRINCIPAL--NOMBRE DE PERSONA
Nombre de persona Di Tella, Torcuato S.
245 ## - MENCIÓN DE TÍTULO
Título Argentina, sociedad de masas
260 ## - PUBLICACIÓN, DISTRIBUCIÓN, ETC. (PIE DE IMPRENTA)
Lugar de publicación, distribución, etc. Buenos Aires
260 ## - PUBLICACIÓN, DISTRIBUCIÓN, ETC. (PIE DE IMPRENTA)
Nombre del editor, distribuidor, etc. EUDEBA
260 ## - PUBLICACIÓN, DISTRIBUCIÓN, ETC. (PIE DE IMPRENTA)
Fecha de publicación, distribución, etc. 1965
300 ## - DESCRIPCIÓN FÍSICA
Extensión 284 p. : graf
440 ## - MENCIÓN DE SERIE/PUNTO DE ACCESO ADICIONAL--TÍTULO
Título Biblioteca de américa, temas sociología
650 ## - PUNTO DE ACCESO ADICIONAL DE MATERIA--TÉRMINO DE MATERIA
Término de materia o nombre geográfico como elemento inicial AMERICA LATINA-SOCIOLOGIA; ARGENTINA-DESARROLLO ECONOMICO; INDUSTRIALIZACION-ARGENTINA; ARGENTINA-POLITICA/BLYNK/
700 ## - PUNTO DE ACCESO ADICIONAL--NOMBRE DE PERSONA
Nombre de persona Gino, Germani
942 ## - ELEMENTOS DE PUNTO DE ACCESO ADICIONAL (KOHA)
Tipo de ítem Koha BLYNK
Holdings
Estado de retiro Estado de pérdida Estado dañado No para préstamo Código de colección Localización permanente Ubicación/localización actual Ubicación en estantería Fecha de adquisición Número de inventario Total de préstamos Signatura topográfica completa Código de barras Fecha visto por última vez Precio válido a partir de Tipo de ítem Koha
        Biblioteca Natalio Kisnerman Biblioteca Ernesto Sabato - FADECS - UNCOMA Biblioteca Ernesto Sabato - FADECS - UNCOMA Biblioteca Natalio Kisnerman 21/02/2017 6540   303.4 D615 6540 21/02/2017 21/02/2017 BLYNK
        Biblioteca Natalio Kisnerman Biblioteca Ernesto Sabato - FADECS - UNCOMA Biblioteca Ernesto Sabato - FADECS - UNCOMA Biblioteca Natalio Kisnerman 21/02/2017 14991   303.4 D615 14991 21/02/2017 21/02/2017 BLYNK
Facultad de Derecho y Ciencias Sociales | Universidad Nacional del Comahue | Mendoza y Perú General Roca | Río Negro CP (8332) | Patagonia Argentina | Teléfono: 54-0298-4433670 | | Fax: 0298-4432093 | Fax alumnos: 0298-4435700